| 000 | 00757naa a2200217 i 4500 | ||
|---|---|---|---|
| 001 | 13231 | ||
| 003 | ES-MaBCM | ||
| 005 | 20241016091736.0 | ||
| 008 | 910222s1991 fra 000 0 fre d | ||
| 021 | _axx | ||
| 035 | _a(OCoLC)1365207823 | ||
| 040 | _cES-MaBCM | ||
| 041 | 0 | _afre | |
| 043 | _afra | ||
| 100 | 1 |
_aNicolau, Gilda _933575 |
|
| 245 | 1 | 2 |
_aL'héritière _b: (réflexions sur la loi nº 90-527 du 27 juin 1990 relative aux droits et à la protection des personnes hospitalisées en raison de troubles mentaux et à leurs conditions d'hospitalisation) _cGilda Nicolau |
| 650 | 7 |
_aEnfermedad mental _958553 |
|
| 651 | 4 |
_aFrancia _9115364 |
|
| 773 | 0 |
_aEn: _tRecueil Dalloz Sirey _dParis : 1991 _w104643 _gnº 5, enero ; p. 29-36 |
|
| 942 | _cAREV | ||
| 999 |
_c13231 _d13231 |
||